[Event "150 Years SG Braunschweig"]
[Site "Brunswick"]
[Date "2019.10.22"]
[Round "2.5"]
[White "Krasenkow, Michal"]
[Black "Lubbe, Nikolas"]
[Result "1/2-1/2"]
[WhiteElo "2622"]
[BlackElo "2431"]
[Annotator "TA"]
[PlyCount "162"]
[EventDate "2019.10.21"]
[EventType "tourn"]
[EventCountry "GER"]
[SourceTitle "playchess.com"]
[Source "ChessBase"]
[SourceQuality "1"]

{[%evp 9,162,8,11,-10,4,0,0,0,14,8,16,9,18,6,140,-35,10,21,5,0,6,13,18,23,26,31,23,23,16,18,15,15,15,15,12,8,8,6,9,9,8,6,9,8,9,8,9,9,9,10,24,0,0,0,0,0,0,-75,-68,-75,-75,-190,-220,-216,-177,-233,-235,-232,-210,-257,-243,-213,-228,-213,-213,-256,-228,-275,-301,-301,-301,-420,-398,-398,-398,-428,-398,-1485,-1083,-1517,-731,-1485,-308,-308,-301,-301,-301,-308,-300,-300,-300,-300,-300,-300,-300,-300,-300,-300,-300,-300,-300,-300,0,-300,-300,-300,-300,-300,-300,-300,-300,-300,-300,-300,-300,-300,-300,-300,-300,-300,-300,-300,-300,-300,-300,-300,-300,-300,-300,-300,-300,-300,-300,-300,-8,-268,-268,-300,-300,-300,-300,-249,-300,-300,-300]} 1. Nf3 d5 2. d4 Nf6 3. c4 e6 4. Nc3 Be7 5. e3 O-O 6. a3 {D37: Queen's Gambit Declined: 5 Bf4} (6. b3 c5 7. Bb2 cxd4 8. Nxd4 a6 9. a3 dxc4 10. Bxc4 b5 11. Be2 Bb7 12. Bf3 Qb6 13. Bxb7 Qxb7 14. Qf3 Qxf3 15. gxf3 Rc8 16. Ke2 {½-½ (16) Andreikin,D (2719)-Matlakov,M (2700) St Petersburg 2018}) 6... dxc4 7. Qc2 c5 8. dxc5 {The position is equal.} Qa5 9. Bxc4 Qxc5 10. Bd3 $146 ({Predecessor:} 10. Be2 Nbd7 11. O-O b6 12. b4 Qc7 13. Bb2 Bb7 14. Rac1 Rac8 {½-½ (22) Guimard,C-Luckis,M Mar del Plata 1949}) 10... b6 11. b4 Qh5 (11... Qc7 $11) 12. Ne4 $2 ({White must play} 12. Be4 $1 $16 {[%cal Re4a8]} Nxe4 13. Qxe4) 12... Ba6 (12... a5 $5 {[%cal Ra5b4]} 13. g4 Qxg4 14. Nxf6+ Bxf6 15. Bxh7+ Kh8 $11) 13. Bxa6 Nxa6 14. Ng3 Qb5 15. Nd4 Qd7 16. Bb2 Rfc8 17. Qe2 Nc7 18. O-O Ncd5 19. Rac1 Rxc1 20. Rxc1 Rc8 21. Rxc8+ Qxc8 22. b5 Bf8 23. Nc6 a6 24. e4 Nc7 $1 {[%cal Rc7b5]} 25. Bxf6 gxf6 26. Nh5 Ne8 $1 27. a4 axb5 28. axb5 Qa8 29. g3 Bc5 30. Qg4+ Kf8 31. Qf4 {Strongly threatening Qh6+.} Qa1+ 32. Kg2 Qb2 33. e5 (33. Nb8 $11 {keeps the balance.}) 33... Qxb5 $17 34. Qf3 f5 35. Nf6 (35. h3 $17) 35... Nxf6 $19 36. exf6 Qc4 37. Nd4 {[#]} (37. Na7 $142 Qe4 38. Qxe4 fxe4 39. g4) 37... Qd5 $1 38. Qxd5 exd5 39. Nxf5 {[%mdl 4096] Endgame KB-KN} b5 {[%cal Bb6b5,Bb5b4,Bb4b3][%mdl 32]} 40. Kf3 b4 {Hoping for ...b3.} 41. Ke2 {[#]} Bxf2 $1 {[%mdl 512]} 42. Kd3 ({Don't go for} 42. Kxf2 $2 b3 $19) 42... Bc5 43. Ng7 Bd6 44. Nf5 Be5 45. Ne7 b3 46. Nxd5 Ke8 47. g4 Kd7 48. g5 $2 (48. Nb6+ Kc6 49. Nc4) 48... Ke6 49. Ne7 Bxh2 50. Nc6 Kf5 $2 (50... Be5 {aiming for ...Kf5.} 51. Nd8+ Kf5 52. Nxf7 Bf4) 51. Nd4+ Kg4 {...b2 is the strong threat.} 52. Nxb3 Kxg5 53. Ke3 Kxf6 54. Kf3 h5 55. Nd2 Kf5 56. Ne4 Be5 57. Nf2 h4 58. Nh3 Bd6 59. Nf2 Bc7 60. Nh3 Bd6 61. Nf2 Bc5 62. Nh3 Ba3 63. Nf2 Bc1 64. Nh3 Bd2 65. Nf2 Be1 66. Nh3 Bg3 67. Ng1 f6 68. Nh3 Ke5 69. Ke3 Kd5 70. Ng1 Bc7 {( -> ...Bb6+)} 71. Nh3 Bd6 72. Kf3 Bg3 73. Ke3 Bc7 74. Kd3 Ke5 75. Ke3 {intending Nf4.} Ba5 76. Kf3 Kd4 $2 (76... f5 $19 {And now ...Bd2 would win.} 77. Nf4 Kd6) 77. Nf4 $2 {[%mdl 8192]} (77. Kg4 $11 {and White stays safe.}) 77... Be1 78. Nh5 f5 79. Ng7 Ke5 80. Nxf5 Kxf5 ({Not} 80... h3 81. Ne3 $11) 81. Kg2 Ke5 {[%mdl 32768] Accuracy: White = 49%, Black = 71%. . An unexpected result.} 1/2-1/2

[Event "150 Years SG Braunschweig"]
[Site "Brunswick"]
[Date "2019.10.22"]
[Round "3.1"]
[White "Lubbe, Nikolas"]
[Black "Gajek, Radoslaw"]
[Result "1/2-1/2"]
[WhiteElo "2431"]
[BlackElo "2411"]
[Annotator "TA"]
[PlyCount "93"]
[EventDate "2019.10.21"]
[EventType "tourn"]
[EventCountry "GER"]
[SourceTitle "playchess.com"]
[Source "ChessBase"]
[SourceQuality "1"]

{[%evp 24,93,7,7,0,0,17,13,10,6,2,0,0,0,5,0,0,0,0,0,0,0,0,0,0,0,0,0,0,0,0,0,0,0,0,0,0,0,16,0,0,0,0,0,0,0,0,0,0,0,0,0,0,0,0,0,0,0,0,0,0,0,0,0,0,0,0,0,0,0,0,0]} 1. d4 e6 2. c4 Nf6 3. Nc3 Bb4 4. e3 O-O 5. Bd3 c5 6. Nf3 d5 7. O-O cxd4 8. exd4 dxc4 9. Bxc4 b6 10. Bg5 Bb7 11. Re1 Nbd7 12. Rc1 Rc8 13. Qb3 {The position is equal.} Bxc3 {E54: Nimzo-Indian: Rubinstein: Main Line: 7...dxc4 8 Bxc4} (13... Be7 14. Ne5 Nxe5 15. dxe5 Nd7 16. Bxe7 Qxe7 17. Nb5 Rc5 18. f4 Bd5 19. Nd6 f6 20. Bxd5 Rxd5 21. Nf5 {½-½ (110) Grigoriants,S (2543)-Yilmaz,M (2636) Skopje 2019}) 14. Rxc3 Bd5 15. Bxd5 Rxc3 16. bxc3 exd5 17. Ne5 $146 ({Predecessor:} 17. Qa3 a5 18. Re7 Re8 19. Bxf6 Nxf6 20. Rb7 Re6 21. Qb3 {½-½ (60) Braun,A (2463)-Sprenger,J (2491) Altenkirchen 2005}) 17... Re8 18. Re3 (18. f3 {looks sharper.} Nxe5 19. Rxe5 Rxe5 20. dxe5 Qe7 21. Bxf6 gxf6 22. Qxd5 Qxe5 23. Qd2) 18... Nxe5 19. Rxe5 h6 20. Bxf6 gxf6 21. Rxe8+ Qxe8 $11 {[%cal Re8e1][%mdl 4096] [#] Endgame KQ-KQ} 22. Qd1 Qe4 23. h3 (23. Kf1 {feels hotter.} Kg7 24. f3 Qf4 25. h3 f5 26. Qe1) 23... f5 24. Qd2 f4 25. f3 Qf5 26. Kh2 Kg7 27. Qe1 Qg5 28. Qe8 b5 29. Kg1 a6 30. Qd7 h5 31. a3 Qh4 32. Kf1 Qg5 33. Qd6 Qf5 34. Kg1 a5 35. Qc7 a4 36. Kh2 $1 Qg5 37. Kh1 Qf5 38. Kh2 Qg5 39. Kh1 Qf5 40. Qe7 Qe6 41. Qg5+ Kf8 42. Qxf4 Qe1+ 43. Kh2 {[#] Strongly threatening Qd6+.} Qxc3 44. Qd6+ Kg7 45. Qe5+ Kf8 46. Qh8+ Ke7 47. Qe5+ {Accuracy: White = 76%, Black = 69%.} 1/2-1/2

[Event "150 Years SG Braunschweig"]
[Site "Brunswick"]
[Date "2019.10.22"]
[Round "3.2"]
[White "Ovsejevitsch, Sergei"]
[Black "Krasenkow, Michal"]
[Result "1/2-1/2"]
[WhiteElo "2617"]
[BlackElo "2622"]
[Annotator "TA"]
[PlyCount "60"]
[EventDate "2019.10.21"]
[EventType "tourn"]
[EventCountry "GER"]
[SourceTitle "playchess.com"]
[Source "ChessBase"]
[SourceQuality "1"]

{[%evp 9,60,16,39,13,13,16,11,17,6,6,18,0,12,0,2,3,22,16,41,22,31,-10,-8,-8,-1,-8,-11,-9,-10,-24,-9,-5,-2,-10,0,-13,0,-16,-16,-17,-16,-18,-22,-22,-2,-10,0,0,0,0,0,0,0]} 1. Nf3 c5 2. c4 Nf6 3. Nc3 d5 4. cxd5 Nxd5 5. e3 Nxc3 6. dxc3 {A34: Symmetrical English: 2 Nc3, lines with ...d5} (6. bxc3 {is interesting.} e6 7. d4 Be7 8. Bd3 Nc6 9. Qc2) 6... Qc7 7. Bc4 e6 8. O-O Nc6 9. e4 Bd6 10. Qe2 O-O 11. Bg5 h6 12. Bh4 b6 $146 ({Predecessor:} 12... Na5 13. e5 Nxc4 14. Qxc4 Bxe5 15. Nxe5 Qxe5 16. Be7 Re8 17. Qxc5 Qxc5 {½-½ (17) Bu,X (2710)-Svidler,P (2751) Tbilisi 2017}) 13. Rad1 Ne5 14. Nxe5 Bxe5 15. Bg3 Bxg3 16. hxg3 Bb7 17. Ba6 Bxa6 18. Qxa6 Rfd8 19. Qe2 Rxd1 20. Rxd1 $11 {[%mdl 4096] Endgame KQR-KQR. The position is equal.} Rd8 21. Rd3 Kf8 22. Qd2 Ke7 23. Kf1 Rxd3 24. Qxd3 Qd7 (24... c4 {with more complications.} 25. Qe2 Qd6 26. f3 Qc5 27. e5 Qd5) 25. Qxd7+ Kxd7 {KP-KP} 26. c4 e5 27. Ke2 g5 28. g4 Kc6 29. Kd3 Kd6 30. Kc3 Kc6 {Accuracy: White = 73%, Black = 52%.} 1/2-1/2

[Event "150 Years SG Braunschweig"]
[Site "Brunswick"]
[Date "2019.10.22"]
[Round "3.3"]
[White "Pajeken, Jakob Leon"]
[Black "Lubbe, Melanie"]
[Result "1-0"]
[WhiteElo "2323"]
[BlackElo "2242"]
[Annotator "TA"]
[PlyCount "43"]
[EventDate "2019.10.21"]
[EventType "tourn"]
[EventCountry "GER"]
[SourceTitle "playchess.com"]
[Source "ChessBase"]
[SourceQuality "1"]

{[%evp 12,57,28,24,28,30,26,14,28,0,37,36,68,31,35,41,49,45,36,0,108,69,64,56,119,106,247,247,302,304,387,371,373,355,418,409,484,477,469,441,1010,1022,1192,1183,29986,708,714,699]} 1. d4 Nf6 2. Nf3 g6 3. g3 Bg7 4. Bg2 O-O 5. O-O d6 6. b3 a5 {[%cal Ba7a5,Ba5a4][%mdl 32]} 7. Bb2 a4 {A49: 1 d4 Nf6 2 Nf3 g6 3 g3: Anti-King's Indian systems} 8. c4 c6 9. Nbd2 Qa5 {The position is equal.} 10. Qc2 Qh5 11. e4 $146 ({Predecessor:} 11. Rfe1 Bh3 12. Bh1 Nbd7 13. e4 e5 14. c5 dxc5 15. dxc5 {½-½ (70) Sethuraman,S (2646)-Amin,B (2689) Riadh 2017}) 11... Bh3 12. Rfe1 Nbd7 13. e5 Ng4 {[%cal Rd6e5]} 14. Bxh3 Qxh3 15. Ne4 d5 (15... dxe5 $11 {keeps the balance.} 16. Neg5 Qh5) 16. Neg5 Qh5 $1 17. cxd5 cxd5 {[#]} ({Black should try} 17... Nxh2 $14 18. Nxh2 (18. dxc6 Nxf3+ 19. Nxf3 Qxf3 $11) 18... Qxg5) 18. Qc7 $1 $36 {[%cal Rc7d7][%mdl 2048] White is really pushing.} (18. bxa4 $6 Nxh2 19. Nxh2 Qxg5 $14) 18... Rfd8 (18... f6 $16 {keeps fighting.} 19. exf6 (19. Qxd7 $2 fxg5 20. Qxd5+ Kh8 $19) 19... exf6) 19. h3 $18 (19. Qxb7 Nxh2 20. Nxh2 Qxg5 $11) 19... h6 20. Nxf7 ({Less strong is} 20. hxg4 Qxg4 21. e6 (21. Qxb7 hxg5 22. Re3 Qf5 $11) 21... hxg5 $16) (20. Qxb7 Nxf2 21. Kxf2 hxg5 $15) 20... Nxf2 21. Kxf2 ({Inferior is} 21. Nxd8 Qxf3 22. Kh2 (22. Qxd7 $2 Qxg3+ {[%mdl 64] Double Attack} 23. Kf1 Nxh3 $19) 22... Qf5 $15) 21... Kxf7 22. Kg2 {Played: e5-e6} 1-0

[Event "150 Years SG Braunschweig"]
[Site "Brunswick"]
[Date "2019.10.22"]
[Round "3.4"]
[White "Buckels, Valentin"]
[Black "Meshkovs, Nikita"]
[Result "1/2-1/2"]
[WhiteElo "2442"]
[BlackElo "2548"]
[Annotator "TA"]
[PlyCount "115"]
[EventDate "2019.10.21"]
[EventType "tourn"]
[EventCountry "GER"]
[SourceTitle "playchess.com"]
[Source "ChessBase"]
[SourceQuality "1"]

{[%evp 9,115,8,13,14,25,10,40,21,49,35,46,38,44,49,44,27,43,20,109,110,118,44,44,44,49,44,39,20,20,18,19,16,17,18,19,15,22,22,22,22,22,16,20,0,26,13,13,13,40,40,40,40,40,40,40,40,40,40,40,40,40,40,40,40,40,40,40,40,40,40,254,203,180,97,156,156,156,156,156,156,156,40,40,40,40,40,40,40,40,40,40,21,21,21,21,21,21,8,8,8,21,8,21,8,21,21,21,4]} 1. d4 Nf6 2. Nf3 b6 3. Bf4 Bb7 4. e3 g6 5. c4 (5. Nbd2 Bg7 6. h3 O-O 7. Be2 c5 8. O-O Nc6 9. c3 d6 10. Bh2 a6 11. a4 Qc7 12. Qb3 Rab8 13. Qa3 Rfc8 14. Rac1 Qd8 15. Rfd1 Ra8 16. Qa2 cxd4 17. exd4 b5 18. Nf1 {1-0 (45) Nyzhnyk,I (2624)-Iturrizaga Bonelli,E (2637) chess.com INT 2019}) 5... Bg7 6. Nc3 {A47: 1 d4 Nf6 2 Nf3 b6: Torre, London and Colle Systems} O-O 7. Be2 e6 8. O-O {White is slightly better.} d5 9. cxd5 exd5 10. Rc1 $146 ({Predecessor:} 10. Nb5 Ne8 11. Rc1 c6 12. Nc3 Nf6 13. b4 Nbd7 14. Qb3 {½-½ (63) Bantel,T-Sauermann,W Germany 1988}) 10... a6 11. Ne5 Nbd7 12. Bf3 Re8 13. Qb3 {Black must now prevent Nxf7!} Re7 (13... c6 $11 {keeps the balance.}) 14. Rfd1 $16 ({Don't play} 14. Bxd5 $6 Nxd5 15. Nxd5 Bxd5 $11) 14... c6 15. Na4 ({White should play} 15. Nxd7 $1 $16 Nxd7 16. Bc7 $1 {[%mdl 576] Decoy} Qxc7 17. Nxd5 $1 {[%mdl 576] Double Attack, Pin}) 15... b5 $14 16. Nc5 Nxc5 17. Rxc5 Nd7 18. Nxc6 Nxc5 19. Nxe7+ Qxe7 20. Qa3 {[%mdl 64] Pin} Rc8 21. Rc1 {[%mdl 64] Pin} Bf8 22. dxc5 Rxc5 23. Qxc5 Qxc5 24. Rxc5 Bxc5 $11 {[%mdl 4096] Endgame KBB-KBB} 25. Be5 f5 26. g4 Kf7 27. g5 Ke6 28. Bd4 Bxd4 (28... Bd6 {is more complex.} 29. Kg2 f4 30. Bg4+ Ke7 31. exf4 Bxf4 32. h4 Bc6) 29. exd4 {KB-KB} a5 30. Be2 Bc6 31. Kg2 Be8 32. Kg3 Kd6 33. Kf4 Ke6 34. h4 Kd6 35. h5 Ke6 36. Bd3 Bd7 37. Bc2 b4 38. Bd3 Kd6 39. h6 Be6 $2 {[#]} (39... Be8 $14) 40. Bb5 $1 $18 Bf7 41. Ke3 Ke7 42. Ba4 Be6 43. Kf4 Kd6 {[#]} 44. Be8 $1 {[%cal Re8g6] aiming for Bxg6!} Bg8 45. f3 ({Better is} 45. Ke3 $16) 45... Ke6 $14 46. Ba4 Bf7 47. Bc2 Be8 48. Bd3 Bf7 49. Bb5 Kd6 50. a3 bxa3 {The position is equal.} 51. bxa3 Ke6 52. Ke3 Ke7 53. Kd2 Be8 54. Bd3 Kd6 55. Kc3 Kc7 56. Bc2 Bd7 57. f4 Kb6 58. a4 {Accuracy: White = 65%, Black = 58%.} 1/2-1/2

[Event "150 Years SG Braunschweig"]
[Site "Brunswick"]
[Date "2019.10.22"]
[Round "3.5"]
[White "Olsen, Filip Boe"]
[Black "Reuker, Jari"]
[Result "0-1"]
[WhiteElo "2380"]
[BlackElo "2394"]
[Annotator "TA"]
[PlyCount "96"]
[EventDate "2019.10.21"]
[EventType "tourn"]
[EventCountry "GER"]
[SourceTitle "playchess.com"]
[Source "ChessBase"]
[SourceQuality "1"]

{[%evp 9,96,-7,25,25,28,20,29,6,42,19,26,6,20,21,22,0,-3,-14,-12,-22,-18,-26,-21,-50,15,10,12,-93,-87,-87,-85,-83,-67,-102,-104,-120,-43,-92,-55,-102,-91,-155,-121,-159,-176,-153,-139,-322,-315,-354,-373,-551,-550,-691,-675,-662,-650,-677,-676,-641,-408,-500,-346,-481,-475,-606,-316,-424,-419,-376,-337,-337,-331,-333,-324,-425,-423,-959,-901,-1018,-1047,-1030,-1030,-983,-918,-1011,-1004,-29986,-29987]} 1. d4 Nf6 2. c4 e6 3. Nf3 d5 4. g3 Bb4+ 5. Bd2 Bd6 (5... Be7 6. Bg2 O-O 7. O-O Nbd7 8. a4 a5 9. Qc2 c6 10. Na3 Ne4 11. Bf4 g5 12. Be3 f5 13. Rad1 Qe8 14. Qc1 h6 15. Ne5 Kh7 {½-½ (104) Nakamura,H (2743)-Karjakin,S (2750) Saint Louis 2019}) 6. Bg2 {E01: Catalan: Early deviations} c6 7. O-O Nbd7 8. Qc2 {White has an edge.} Ne4 9. Be3 O-O 10. Ne1 $146 ({Predecessor:} 10. Rd1 f5 11. Nfd2 Ndf6 12. Nxe4 fxe4 {1-0 (48) Kumar,N (2268)-Eames,R (2185) Budapest 2018}) 10... f5 11. Nd3 Qe7 12. b3 b6 13. f3 Nef6 14. Bf2 Bb7 15. Nd2 c5 16. dxc5 bxc5 (16... Nxc5 $15 17. cxd5 exd5) 17. Rae1 $11 e5 {And now ...e4 would win.} 18. e4 (18. cxd5 $11 e4 19. fxe4 fxe4 20. Nc4) 18... fxe4 $17 19. fxe4 d4 20. h3 a5 {[%cal Ba7a5,Ba5a4][%mdl 32]} 21. g4 {[#]} a4 $1 {[%mdl 512]} 22. Bg3 (22. bxa4 Bc6) 22... Ne8 ({Better is} 22... h6 $17 23. Ra1 Bc7) 23. Nf3 Nc7 24. Bh4 Qe6 25. b4 {[#]} (25. Bg3 $142) 25... Na6 $1 {[%cal Ra6b4]} ({And not} 25... cxb4 26. c5 $11) 26. b5 Nb4 27. Nxb4 cxb4 28. Bg3 $2 (28. Ng5 $17 {might work better.} Qh6 29. c5 Qxh4 30. cxd6) 28... Nc5 $19 29. Kh2 b3 30. axb3 (30. Qd2 {is a better defense.}) 30... axb3 31. Qb1 Ra2 32. Rf2 Rxf2 33. Bxf2 Qxc4 34. Bg3 Nd3 35. Rd1 Nf4 36. Bxf4 Rxf4 (36... exf4 $2 37. Kh1 $19) 37. Nd2 Qxb5 38. Bf1 Qb4 ({Weaker is} 38... Rf2+ 39. Kg1 $17) 39. Bc4+ Kh8 {Threatens to win with ...Rf2+.} 40. Qxb3 Qxb3 41. Bxb3 Bb4 {aiming for ...Rf2+.} 42. Be6 Rf2+ 43. Kg3 (43. Kg1 $142 Rxd2 44. Rb1 Bxe4 45. Rxb4) 43... Rxd2 44. Rb1 Bxe4 {( -> ...Rg2+)} 45. Rxb4 g5 {[%csl Ge4][%cal Rd2g2]} 46. h4 Rd3+ 47. Kh2 gxh4 {Hoping for ...Rd1.} 48. Rb5 Rd1 {Accuracy: White = 25%, Black = 68%.} 0-1

[Event "150 Years SG Braunschweig"]
[Site "Brunswick"]
[Date "2019.10.23"]
[Round "4.1"]
[White "Gajek, Radoslaw"]
[Black "Reuker, Jari"]
[Result "1-0"]
[WhiteElo "2411"]
[BlackElo "2394"]
[Annotator "TA"]
[PlyCount "69"]
[EventDate "2019.10.21"]
[EventType "tourn"]
[EventCountry "GER"]
[SourceTitle "playchess.com"]
[Source "ChessBase"]
[SourceQuality "1"]

{[%evp 18,69,0,3,5,-8,-21,-50,-31,-38,-22,-28,-13,-16,-7,-30,-25,-57,20,-37,-36,-33,-37,-38,-29,-72,-76,-81,120,94,409,385,802,773,752,709,739,737,670,572,546,464,1789,1163,1145,1146,5102,5002,29992,29993,29993,29993,29998,29999]} 1. c4 Nf6 2. Nc3 g6 3. d4 Bg7 4. e4 d6 5. f3 O-O 6. Be3 Nbd7 7. Bd3 c5 8. Nge2 cxd4 9. Nxd4 e6 10. O-O d5 {E81: King's Indian: Sämisch: 6th move deviations (including 6 Be3 c6)} 11. Nb3 $146 {[%cal Rc4d5]} ({Predecessor:} 11. exd5 exd5 12. Re1 dxc4 13. Bxc4 Nb6 14. Bb3 Nfd5 15. Bf2 Nxc3 16. bxc3 Bd7 17. c4 Na4 18. Qc2 {½-½ (32) Garcia Palermo,C (2429)-Perdomo,L (2463) Caioba 2019}) 11... dxe4 12. Nxe4 Ne5 {Black is slightly better.} 13. Nxf6+ Qxf6 14. Bd4 {f4 is the strong threat.} Qf4 15. g3 Qh6 16. Be2 Rd8 17. Qc1 Qh5 (17... Qxc1 $15 18. Raxc1 Nxf3+ 19. Bxf3 Bxd4+ 20. Nxd4 Rxd4) 18. Qe3 (18. Bc3 $11) 18... Nxc4 $1 $15 19. Bxc4 Bxd4 $1 20. Nxd4 {Strongly threatening Rfd1.} Qc5 $1 {[%csl LRc4,LRd4][%mdl 64] Double Attack} 21. Rad1 {aiming for Bb3.} Qxc4 22. Nf5 {[%cal Rd1d8]} Qc7 $2 (22... Rxd1 $17 {[%csl Gd1][%cal Rc4f1] and life is bright.} 23. Nh6+ Kg7 $1 {[%mdl 512]} 24. Rxd1 e5) 23. Nh6+ $16 {[%mdl 1024] White has strong compensation.} Kg7 $2 {[%mdl 8192] [#]} (23... Kf8 $16 {is a better chance.}) 24. Ng4 $1 $18 {Intending Qh6+ and mate.} ({Inferior is} 24. Rxd8 Qxd8 25. Ng4 Qb6 $15) 24... Kg8 $2 (24... Qe7 25. Qe5+ (25. Rxd8 Qxd8 26. Rc1 Qb6 $14) 25... f6 26. Nxf6 Qxf6 27. Qxf6+ Kxf6) 25. Qe5 Qb6+ 26. Kh1 h5 27. Nh6+ Kh7 28. Nxf7 Rf8 29. Qf6 {Threatening mate with Ng5+.} Qc5 (29... Qc7 $142) 30. Rd8 Rxd8 31. Qxd8 {[%csl Gf7][%cal Rd8h8]} Kg7 32. Nd6 Qc6 33. Qe7+ {White mates.} Kh8 34. Ne8 {[%csl Ge8][%cal Re7g7]} Qd7 35. Qf8+ {Accuracy: White = 41%, Black = 34%.} 1-0

[Event "150 Years SG Braunschweig"]
[Site "Brunswick"]
[Date "2019.10.23"]
[Round "4.2"]
[White "Meshkovs, Nikita"]
[Black "Olsen, Filip Boe"]
[Result "1-0"]
[WhiteElo "2548"]
[BlackElo "2380"]
[Annotator "TA"]
[PlyCount "69"]
[EventDate "2019.10.21"]
[EventType "tourn"]
[EventCountry "GER"]
[SourceTitle "playchess.com"]
[Source "ChessBase"]
[SourceQuality "1"]

{[%evp 12,69,15,14,0,10,35,22,22,21,43,30,39,41,49,40,54,58,95,89,102,90,102,69,89,67,70,40,154,147,169,160,191,164,183,177,211,156,143,119,183,164,265,262,226,137,501,362,1121,1116,1035,456,29987,29988,29987,29988,29990,29991,29991,29992]} 1. d4 Nf6 2. c4 e6 3. Nc3 Bb4 4. e3 O-O 5. Bd3 c5 6. Nge2 cxd4 7. exd4 d5 {E47: Nimzo-Indian: Rubinstein: 5 Bd3 without ...d5} 8. cxd5 exd5 (8... Nxd5 9. O-O Nc6 10. Nxd5 exd5 11. Nf4 Re8 12. Be3 Bd6 13. Qf3 Nb4 14. Bb1 Qf6 15. a3 Bxf4 16. Qxf4 Qxf4 17. Bxf4 Nc6 18. Be3 {½-½ (55) Kazhgaleyev,M (2587)-Gelfand,B (2673) St Petersburg 2018}) 9. Bg5 h6 {The position is equal.} 10. Bh4 Nc6 11. O-O Bd6 {next ...Bxh2+! is good for Black.} 12. h3 Be6 13. Bc2 Rc8 14. a3 Ne7 $146 ({Predecessor:} 14... Be7 15. Qd3 Re8 {1-0 (66) Girya,O (2371)-Tsatsalashvili,K (2318) Chennai 2011}) 15. Bxf6 gxf6 16. Qd2 Kg7 17. Rad1 h5 18. Ng3 $40 {[%mdl 128] White is up to no good.} Rh8 19. Qe2 h4 (19... Kf8 $14) 20. Nh5+ $16 Kf8 21. Nxf6 Ng6 22. Ncxd5 {Hoping for Bxg6.} Nf4 23. Nxf4 Bxf4 24. Ng4 Qg5 25. Rfe1 Rg8 (25... Kg7 $16 {was worth a try.} 26. d5 Bxg4 27. hxg4 Bd6) 26. d5 $18 Bd7 {[#]} (26... Bxg4 $142 27. hxg4 Bd6) 27. d6 $1 {Threatens to win with Qe7+.} Re8 28. Qf3 {Rxe8+ is the strong threat.} Rd8 $2 {[%mdl 8192]} (28... Rxe1+ $16 29. Rxe1 Bxg4 30. hxg4 Bxd6) 29. Rd5 f5 $2 {[#]} (29... Bxg4 30. hxg4 (30. Rxg5 Bxf3 31. Rxg8+ Kxg8 $14) 30... Qxg4) 30. Bxf5 $1 {[%mdl 512] White wants to mate with Be6.} Bxf5 {[#]} 31. Nh6 (31. Ree5 $142 $1 {[%mdl 512]} Bxe5 32. Rxe5 {[%mdl 64] Discovered Attack}) 31... Qxh6 (31... Qxg2+ $18 32. Qxg2 Rxg2+ 33. Kxg2 Bd7) 32. Rxf5+ {[%mdl 64] Double Attack, Discovered Attack. White mates.} Kg7 33. Rxf4 Rxd6 34. Re7+ Kh8 35. Qc3+ {Accuracy: White = 64%, Black = 24%.} 1-0